00343nam a2200109Ia 4500008004100000020002200041041001200063100008100075245002400156260003200180650002100212231221s9999 xx 000 0 und d a978-0-387-09428-1 aEnglish aYücel Karabulut, John Mitchell, Peter Herrmann, Christian Damsgaard Jensen 0aTrust Management II c2008bSpringer USaNew York aComputer Science